Manual de interpretación del Rorschach: para el sistema comprehensivo
Guardado en:
| Autor principal: | |
|---|---|
| Formato: | Libro |
| Lenguaje: | español |
| Publicado: |
Madrid
Psimática
1998
|
| Edición: | 2a. ed |
| Materias: | |
| Etiquetas: |
Agregar Etiqueta
Sin Etiquetas, Sea el primero en etiquetar este registro!
|
MARC
| LEADER | 00000nam a2200000 a 4500 | ||
|---|---|---|---|
| 001 | UCN6735 | ||
| 003 | CL-VaPUC | ||
| 008 | 011005e19980000SP |||||||||||||||||spa|d | ||
| 082 | 0 | 4 | |a 155.2842 |b EXN |2 21 |
| 100 | 0 | |a Exner, John E |e author |9 462519 | |
| 245 | 1 | 0 | |a Manual de interpretación del Rorschach: para el sistema comprehensivo |
| 250 | |a 2a. ed | ||
| 300 | |a 238 p | ||
| 942 | |c BK | ||
| 945 | |d 20011005 00:00:00 |a cmena | ||
| 260 | |a Madrid |b Psimática |c 1998 | ||
| 650 | 0 | |a Test de Rorschach |9 310418 | |
| 650 | 0 | |a Tests psicológicos |9 308644 | |
| 650 | 0 | |a Cognición |9 270347 | |
| 650 | 0 | |a Personalidad |9 307255 | |
| 650 | 0 | |a Percepción |9 266750 | |
| 650 | 7 | |a COMPREHENSION |2 CL-VaPUC |9 462520 | |
| 650 | 0 | |a Procesos mentales superiores |9 330839 | |
| 650 | 0 | |a Psicodiágnóstico |9 312779 | |
| 583 | |a last modification |c 20011005 00:00:00 |k Rodrigo Vera | ||
| 999 | |c 297418 |d 297416 | ||
| 952 | |0 0 |1 0 |4 0 |6 155_284200000000000_EXN_1998 |7 0 |8 R |9 352136 |a BIBEDU |b BIBEDU |c MCIRC |d 2019-11-21 |i 3758982 |l 3 |o 155.2842 EXN 1998 |p 3758982 |r 2023-08-09 |s 2023-08-01 |w 2019-11-21 |y BK_R |k PSI | ||